|
|
|
|
| LEADER |
00000nab a2200000 a 4500 |
| 001 |
vtls000793276 |
| 003 |
SK-MaSNL |
| 005 |
20260414143126.0 |
| 008 |
250429c2001 xo 0 slo |
| 015 |
|
|
|a SNBRB2002/06-18433
|
| 035 |
|
|
|a CLN000144931
|
| 035 |
|
|
|a urn:nbn:sk:snk-abd4bq
|
| 035 |
|
|
|a (urnnbn)urn:nbn:sk:snk:ar-007jxk
|
| 035 |
|
|
|a (uuid)738caa85-28f9-44b3-b98f-1f6427e29979
|
| 040 |
|
|
|a SNKBUCL
|b slo
|c SNKBUCL
|e AACR2
|
| 041 |
0 |
|
|a slo
|
| 044 |
|
|
|a xo
|c SK
|
| 080 |
|
|
|a 616.13-004.6-02-053.2
|2 1997
|
| 100 |
1 |
|
|a Rosipal, Š.
|4 aut
|9 792770
|
| 245 |
1 |
0 |
|a Aterogenéza z pohľadu pediatra
|c Š. Rosipal
|
| 650 |
0 |
7 |
|a ateroskleróza
|2 snkbucl
|9 2428
|
| 650 |
0 |
7 |
|a ateroskleróza
|2 snkbucl
|9 2428
|
| 650 |
0 |
7 |
|a dieťa
|2 snkbucl
|9 294563
|
| 650 |
0 |
7 |
|a endotel cievny
|x patofyziológia
|2 snkbucl
|9 1211188
|
| 650 |
0 |
7 |
|a oxid dusnatý
|2 snkbucl
|9 15102
|
| 650 |
0 |
7 |
|a oxidačný stres
|2 snkbucl
|9 84767
|
| 650 |
0 |
7 |
|a lipoperoxidy
|2 snkbucl
|9 1543165
|
| 655 |
|
7 |
|a články z novín a časopisov
|2 snkbucl
|9 267496
|
| 773 |
0 |
|
|t Ateroskleróza
|g Roč. 5, č. 4 (2001), s. 246-247
|x 1335-2253
|
| 850 |
|
|
|a Slovenská národná knižnica
|
| 852 |
|
|
|a Slovenská národná knižnica
|
| 954 |
|
|
|a odborná, vedecká literatúra pôvodná (slovenská)
|2 lita
|
| 958 |
|
|
|a article17
|
| 958 |
|
|
|a MI
|
| 958 |
|
|
|a OND
|
| 958 |
|
|
|a EUIPO
|
| 992 |
|
|
|a RBX
|
| 999 |
|
|
|c 3330323
|d 3332253
|